| 000 -NÁVESTIE |
| fixed length control field |
01264nam a2200361 a 4500 |
| 008 - ÚDAJE S PEVNOU DĹŽKOU – VŠEOBECNÉ INFORMÁCIE |
| fixed length control field |
980710s1997 m yxo ad r y 0 slo c |
| 020 ## - MEDZINÁRODNÉ ŠTANDARDNÉ ČÍSLO KNIHY (ISBN) |
| Medzinárodné štandardné číslo knihy (ISBN) |
808890000X |
| Údaje o dostupnosti |
10 |
| 040 ## - ZDROJ KATALOGIZÁCIE |
| Pôvodná katalogizujúca agentúra |
SNK |
| Jazyk katalogizácie |
slo |
| Prepisujúca agentúra |
SNK |
| Konvencie popisu |
AACR2 |
| 041 1# - KÓD JAZYKA |
| Kód jazyka textu/zvukovej stopy alebo samostatných nápisov |
slo |
| -- |
eng |
| -- |
ger |
| Kód jazyka zhrnutia alebo abstraktu/titulkov alebo nápisov |
eng |
| -- |
ger |
| 044 ## - KÓD KRAJINY VYDAVATEĽA/PRODUCENTA |
| Kód krajiny MARC |
xo |
| Kód krajiny ISO |
SK |
| 080 ## - ČÍSLO MEDZINÁRODNÉHO DESATINNÉHO TRIEDENIA (MDT) |
| Číslo Medzinárodného desatinného triedenia (MDT) |
908.437.674-37:779 |
| 080 ## - ČÍSLO MEDZINÁRODNÉHO DESATINNÉHO TRIEDENIA (MDT) |
| Číslo Medzinárodného desatinného triedenia (MDT) |
779(437.674-37) |
| 100 1# - OSOBNÉ MENÁ – VŠEOBECNÉ INFORMÁCIE |
| Osobné meno |
Matejovič, Milan |
| 245 10 - NÁZOV |
| Názov |
Náš okres Michalovce |
| Údaj o zodpovednosti atď. |
[zostavenie: Viera Čurmová, Alexander Jiroušek] |
| 246 10 - INÁ FORMA NÁZVU |
| Hlavný názov/skrátený názov |
Our district Michalovce |
| 246 10 - INÁ FORMA NÁZVU |
| Hlavný názov/skrátený názov |
Unser Bezirk Michalovce |
| 260 ## - VYDAVATEĽSKÉ ÚDAJE, DISTRIBÚCIA ATĎ. |
| Miesto publikovania, distribúcie atď. |
Košice |
| Názov vydavateľa, distibútora atď. |
Agentúra JeS |
| Dátum publikovania, distribúcie atď. |
1997 |
| 300 ## - FYZICKÝ POPIS |
| Rozsah |
109 s. |
| Ďalšie fyzické detaily |
fareb. fotogr. |
| Rozmery |
32 cm |
| 500 ## - VŠEOBECNÁ POZNÁMKA |
| Formátovaná poznámka o obsahu |
Čiast. text angl. a nem. |
| 500 ## - VŠEOBECNÁ POZNÁMKA |
| Formátovaná poznámka o obsahu |
Údaj o zost. prevzatý z rubu tit. strany |
| 500 ## - VŠEOBECNÁ POZNÁMKA |
| Formátovaná poznámka o obsahu |
Vyd. pre Okresný úrad Michalovce |
| 500 ## - VŠEOBECNÁ POZNÁMKA |
| Formátovaná poznámka o obsahu |
Fotogr. Štefan Danko, Pavol Derfényi, Alexander Jiroušek, Ladislav Marton, Erik Mojsej |
| 504 ## - |
| -- |
Res. angl. a nem. |
| 651 07 - PRIDANÝ VSTUP – PREDMET – GEOGRAFICKÝ NÁZOV |
| Geografický názov |
Michalovce (Slovensko: okres) |
| Všeobecný pododdiel |
texty a fotografie |
| Zdroj hesla alebo termínu |
SNK |
| 700 1# - PRIDANÝ VSTUP – OSOBNÉ MENO |
| Osobné meno |
Čurmová, Viera |
| Kód roly |
com |
| 700 1# - PRIDANÝ VSTUP – OSOBNÉ MENO |
| Osobné meno |
Jiroušek, Alexander |
| Kód roly |
com |
| -- |
pht |
| 700 1# - PRIDANÝ VSTUP – OSOBNÉ MENO |
| Osobné meno |
Derfényi, Pavol |
| Kód roly |
pht |
| 700 1# - PRIDANÝ VSTUP – OSOBNÉ MENO |
| Osobné meno |
Marton, Ladislav |
| Kód roly |
pht |
| 700 1# - PRIDANÝ VSTUP – OSOBNÉ MENO |
| Osobné meno |
Mojsej, Erik |
| Kód roly |
pht |
| 700 1# - PRIDANÝ VSTUP – OSOBNÉ MENO |
| Osobné meno |
Danko, Štefan |
| Kód roly |
pht |
| 710 0# - PRIDANÝ VSTUP – KORPORATÍVNE MENO |
| Korporatívne meno alebo meno jurisdikcie ako vstupný prvok |
Okresný úrad Michalovce |
| Kód roly |
pbl |
| 958 ## - Formálny deskriptor |
| Formálny deskriptor |
AOP |